| 000 | 00565nam a2200181 a 4500 | ||
|---|---|---|---|
| 005 | 20210223120737.0 | ||
| 008 | 991125s1951 mx 000 0 spa u | ||
| 035 | _aUPN01000006544 | ||
| 049 | _aCG | ||
| 050 | 4 |
_aM1682 _bC3.5 |
|
| 245 | 0 | 0 |
_aCantos indígenas de México / _ccoleccionados por Concha Michel ; pról. Alfonso Zalce. |
| 260 |
_aMéxico : _bINI, _c1951. |
||
| 300 |
_a111 p. : _bil. |
||
| 440 | 0 |
_aBiblioteca de folklore indígena ; _v1 |
|
| 650 | 4 |
_aCANCIONES MEXICANAS - _xHISTORIA Y CRITICA _95821 |
|
| 700 | 1 |
_aMichel, Concha, _ecomp. |
|
| 905 | _aLibro | ||
| 999 |
_c6544 _d6544 |
||